Kihívások és stratégiák az állami ellenőrzés és az iparpolitika közötti kapcsolat megerősítésére Ghánában

Absztrakt: Ez a tanulmány az állami ellenőrzésnek a ghánai iparpolitikai keretbe való integrációját vizsgálja, a Ghánai Ellenőrzési Szolgálat (GAS) előtt álló kihívásokra összpontosítva a politika hatékonyságának és elszámoltathatóságának befolyásolása terén. A kormányzás és elszámoltathatóság elmé...

Teljes leírás

Elmentve itt :
Bibliográfiai részletek
Szerző: Afadzinu Sewornu Kobla
Dokumentumtípus: Könyv része
Megjelent: MTA MAB Gazdálkodástudományi Munkabizottság Miskolc 2024
Sorozat:GAZDÁLKODÁSI KIHÍVÁSOK 2024-BEN
Tárgyszavak:
mtmt:35790052
Online Access:http://publicatio.bibl.u-szeged.hu/36157
LEADER 03111naa a2200217 i 4500
001 publ36157
005 20250227112906.0
008 250227s2024 hu o 000 hun d
020 |a 9786156448576 
024 7 |a 35790052  |2 mtmt 
040 |a SZTE Publicatio Repozitórium  |b hun 
041 |a hun 
100 1 |a Afadzinu Sewornu Kobla 
245 1 0 |a Kihívások és stratégiák az állami ellenőrzés és az iparpolitika közötti kapcsolat megerősítésére Ghánában  |h [elektronikus dokumentum] /  |c  Afadzinu Sewornu Kobla 
260 |a MTA MAB Gazdálkodástudományi Munkabizottság  |b Miskolc  |c 2024 
300 |a 22 
300 |a 235-256 
490 0 |a GAZDÁLKODÁSI KIHÍVÁSOK 2024-BEN 
520 3 |a Absztrakt: Ez a tanulmány az állami ellenőrzésnek a ghánai iparpolitikai keretbe való integrációját vizsgálja, a Ghánai Ellenőrzési Szolgálat (GAS) előtt álló kihívásokra összpontosítva a politika hatékonyságának és elszámoltathatóságának befolyásolása terén. A kormányzás és elszámoltathatóság elméletére, az erőforrásfüggőség elméletére, a szervezetközi koordináció elméletére és a szakpolitikai visszacsatolás elméletére támaszkodva a tanulmány azokat az intézményi, erőforrás-alapú és eljárási tényezőket vizsgálja, amelyek befolyásolják a GAS képességét a szakpolitika javításának előmozdítására. Kvalitatív dokumentumelemzési megközelítést alkalmaztunk, amely során 2013 és 2022 között készült ellenőrzési jelentéseket, szakpolitikai dokumentumokat és jogalkotási szövegeket tekintettünk át. A legfontosabb megállapítások azt mutatják, hogy a korlátozott erőforrások, a szabványosított teljesítménymutatók hiánya, a nem megfelelő ügynökségek közötti koordináció és a gyenge elszámoltathatósági mechanizmusok akadályozzák a GAS képességét a szakpolitikai eredmények hatékony befolyásolására. Abstract: This paper examines the integration of public audit into Ghana's industrial policy framework, focusing on the challenges facing the Ghana Audit Service (GAS) in influencing policy effectiveness and accountability. Drawing on governance and accountability theory, resource dependency theory, inter-agency coordination theory, and policy feedback theory, the study examines the institutional, resource-based, and procedural factors that influence GAS's ability to promote policy improvement. We used a qualitative document analysis approach, during which we reviewed audit reports, policy documents and legislative texts made between 2013 and 2022. Key findings indicate that limited resources, lack of standardized performance indicators, inadequate interagency coordination, and weak accountability mechanisms impede GAS's ability to effectively influence policy outcomes. Kulcsszavak: Elszámoltathatóság, kormányzás, iparpolitika, innovációs rendszerek, közszféraellenőrzés JEL kód: H83, L52, O21, O38 
650 4 |a Közgazdasági és gazdálkodástudományok 
856 4 0 |u http://publicatio.bibl.u-szeged.hu/36157/8/35790052.pdf  |z Dokumentum-elérés